MARC

LEADER 00000nam0a2200000 4500
001 1247
005 20251223171822.0
010 |a 5020047732 
035 |a (RuTPU)RU\TPU\book\1254 
035 |a BOOK00001256 
090 |a 1247 
100 |a 20011209d1995 km y0rusy50 ca 
101 0 |a rus 
102 |a RU 
105 |a y z 000zy 
200 1 |a Человек. Земля. Вселенная  |f Ю. А. Косыгин 
210 |a Москва  |c Наука  |d 1995 
215 |a 335 с. 
225 1 |a Наука. Мировоззрение. Жизнь 
606 |a Геология  |9 34054 
606 |a Экология в целом  |9 59264 
610 1 |a геосфера 
610 1 |a пространство 
610 1 |a биосфера 
610 1 |a среда обитания 
610 1 |a разум 
610 1 |a ноосфера 
675 |a 55  |v 3 
675 |a 504  |v 3 
700 1 |a Косыгин  |b Ю. А.  |g Юрий Александрович 
801 0 |a RU  |b 63413507  |c 20011209  |g PSBO 
801 2 |a RU  |b 63413507  |c 20060814  |g PSBO 
942 |c BK